Introducción a la sociología del derecho
Wedi'i Gadw mewn:
| Prif Awdur: | |
|---|---|
| Fformat: | Llyfr |
| Iaith: | Sbaeneg |
| Cyhoeddwyd: |
Barcelona
Ariel
1991
|
| Cyfres: | Ariel Derecho
|
| Pynciau: | |
| Tagiau: |
Ychwanegu Tag
Dim Tagiau, Byddwch y cyntaf i dagio'r cofnod hwn!
|
MARC
| LEADER | 00000nam a2200000 a 4500 | ||
|---|---|---|---|
| 001 | UCV2401 | ||
| 003 | CL-VaPUC | ||
| 008 | 920630e19910000SP |||||||||||||||||spa|d | ||
| 082 | 0 | 4 | |a 340.115 |b COT |2 21 |
| 100 | 0 | |a Cotterrell, Roger |e author |9 296644 | |
| 245 | 1 | 0 | |a Introducción a la sociología del derecho |
| 300 | |a 317 p | ||
| 942 | |c BK | ||
| 945 | |d 19920630 00:00:00 | ||
| 260 | |a Barcelona |b Ariel |c 1991 | ||
| 650 | 0 | |a Sociología del derecho |9 254890 | |
| 650 | 0 | |a Sociología |9 255410 | |
| 583 | |a last modification |c 19920630 00:00:00 |k Rodrigo Vera | ||
| 490 | 0 | |a Ariel Derecho | |
| 999 | |c 209988 |d 209986 | ||
| 952 | |0 0 |1 0 |4 0 |6 340_115000000000000_COT_1991 |7 0 |8 DER_TF |9 185901 |a BIBDER |b BIBDER |d 2019-11-14 |i 2533782 |l 2 |m 1 |o 340.115 COT 1991 |p 2533782 |r 2023-09-01 |s 2023-08-21 |w 2019-11-14 |x Ubicación 4to Piso |y BK |z Estos recursos deben solicitarse con anticipación |k DER | ||